书目信息 |
| 题名: |
Canon EOS 40D数码单反超级手册
|
|
| 作者: | 黎韶琪 , 胡民炜 编著 | |
| 分册: | ||
| 出版信息: | 北京 人民邮电出版社 2009.02 |
|
| 页数: | 111页 | |
| 开本: | 28cm | |
| 丛书名: | ||
| 单 册: | ||
| 中图分类: | TB86 , J41 | |
| 科图分类: | ||
| 主题词: | 数字照相机--Shu Zi Zhao Xiang Ji--单镜头反光照相机--摄影技术--手册 | |
| 电子资源: | ||
| ISBN: | 978-7-115-19290-5 | |
| 000 | 01040nam0 2200253 450 | |
| 001 | 0011126536 | |
| 005 | 20100531085049.32 | |
| 010 | @a978-7-115-19290-5@dCNY45.00 | |
| 100 | @a20100515d2009 em y0chiy0110 ea | |
| 101 | 0 | @achi |
| 102 | @aCN@b110000 | |
| 105 | @aa z 000yy | |
| 200 | 1 | @aCanon EOS 40D数码单反超级手册@ACanon EOS 40D shu ma dan fan chao ji shou c@f胡民炜,黎韶琪编著 |
| 210 | @a北京@c人民邮电出版社@d2009.02 | |
| 215 | @a111页@c图@d28cm | |
| 306 | @a本书获博艺集团有限公司(Pop Art Group Lte)授权在中国境内(不包括中国香港特别行政区、澳门特别行政区及台湾地区)以简体字出版及发行。 | |
| 330 | @a本书是一本实用的佳能EOS 40D相机使用手册。本书主要内容包括:EOS 40D性能特点、EOS 40D机身详细介绍、EOS 40D新功能与摄影实战、RAW文件处理、EOS 40D适用镜头推荐与评测。 | |
| 606 | 0 | @a数字照相机@AShu Zi Zhao Xiang Ji@x单镜头反光照相机@x摄影技术@j手册 |
| 690 | @aTB86@v4 | |
| 690 | @aJ41@v4 | |
| 701 | 0 | @a黎韶琪@Ali shao qi@4编著 |
| 701 | 0 | @a胡民炜@Ahu min wei@4编著 |
| 801 | 0 | @aCN@c20100515 |
| 905 | @dTB86@eH490@f3 | |
| Canon EOS 40D数码单反超级手册/胡民炜,黎韶琪编著.-北京:人民邮电出版社,2009.02 |
| 111页:图;28cm |
| ISBN 978-7-115-19290-5:CNY45.00 |
| 本书是一本实用的佳能EOS 40D相机使用手册。本书主要内容包括:EOS 40D性能特点、EOS 40D机身详细介绍、EOS 40D新功能与摄影实战、RAW文件处理、EOS 40D适用镜头推荐与评测。 |
| ● |
| 相关链接 |
|
|
|
正题名:Canon EOS 40D数码单反超级手册
索取号:TB86/H490
 
预约/预借
| 序号 | 登录号 | 条形码 | 馆藏地/架位号 | 状态 | 备注 |
| 1 | 984683 | 209846835 | 自科库501/ [索取号:TB86/H490] | 在馆 | |
| 2 | 984684 | 209846844 | 自科库501/501自科库 19排4列2层/ [索取号:TB86/H490] | 在馆 | |
| 3 | 984685 | 209846853 | 自科库501/501自科库 19排4列2层/ [索取号:TB86/H490] | 在馆 |